|
|
|
|
| LEADER |
00000cam a2200000 7i4500 |
| 001 |
0000001075 |
| 005 |
20131215.0 |
| 020 |
0 |
0 |
|a 9676101648
|
| 090 |
0 |
0 |
|a 658.4092
|b RAZ 1997
|
| 100 |
0 |
0 |
|a RAZALI Mat Zin
|
| 245 |
1 |
0 |
|a Kepimpinan dalam pengurusan
|c Razali Mat Zin
|
| 260 |
0 |
0 |
|a Kuala Lumpur :
|b Ututsan Pub. & Dist. ,
|c 1990, 1997
|
| 300 |
|
|
|a 241 p. :
|b ill. ;
|c 21 cm.
|
| 440 |
0 |
0 |
|a Siri pengurusan dan pentadbiran Utusan
|
| 500 |
0 |
0 |
|a Bibliography : [p. 233-2237] and index
|
| 650 |
0 |
0 |
|a Executive ability
|
| 650 |
0 |
0 |
|a Leadership
|
| 650 |
0 |
0 |
|a Management
|
| 998 |
|
|
|a JPSM
|
| 999 |
|
|
|a 0000002010
|b Monograph
|c Open Shelf
|e Default branch
|